| 000 | 00585nam a2200205 u 4500 | ||
|---|---|---|---|
| 005 | 20220817110101.0 | ||
| 008 | 190827s1996 es r 000 0 spa d | ||
| 020 | _a8433905260 | ||
| 035 | _aUPN01000232435 | ||
| 049 | _aCG | ||
| 050 | 4 |
_aHV5801 _bE8.4a |
|
| 100 | 1 |
_aEscohotado Espinosa, Antonio, _d1941- _933757 |
|
| 245 | 1 | 0 |
_aHistoria elemental de las drogas / _cAntonio Escohotado. |
| 260 |
_aBarcelona, Esp. : _bAnagrama, _c1996. |
||
| 300 | _a242 p. | ||
| 440 | 0 |
_aArgumentos ; _v176 |
|
| 650 | 7 |
_aAbuso de drogas _xHistoria _2 _96783 |
|
| 905 | _aLibro | ||
| 999 |
_c204530 _d204530 |
||